Counties of Albania Quiz - Statistics

General Stats
  • This quiz has been taken 7 times
  • The average score is 8 of 12
Answer Stats
County % Correct
Tirana
100%
Dibër
80%
Gjirokastër
80%
Shkodër
80%
Vlorë
80%
Berat
60%
Durrës
60%
Elbasan
60%
Korçë
60%
Fier
40%
Kukës
40%
Lezhë
40%
No matching quizzes found
Score Distribution
Percent of People with Each Score
Percentile by Number Answered
Your Score History
You have not taken this quiz